| 000 | 00863nam a2200265 a 4500 | ||
|---|---|---|---|
| 001 | 13378 | ||
| 003 | BD-JhCC | ||
| 005 | 20230914104807.0 | ||
| 008 | 230909b2016 bg |||| ||a| 000 0 ben d | ||
| 020 | _a9789849096030 | ||
| 035 | _a(BD-JhCC)13378 | ||
| 040 |
_aBD-JhCC _dBD-JhCC |
||
| 041 | _abengali | ||
| 082 |
_a891.4435 _bJAT 2016 |
||
| 245 |
_aযত হালুম চিৎপটাং / _cঋতি রাহা, রাখাল রাহা, সব্যসাচী মিস্ত্রী। |
||
| 260 |
_aঢাকা: _bলেটার প্রেস _c2016. |
||
| 300 |
_a88 p. : _c24 cm. |
||
| 650 | _aShort story | ||
| 650 | _aJuvenile Literature | ||
| 700 | _aরাহা,ঋতি | ||
| 700 | _aরাহা, রাখাল | ||
| 700 | _aমিস্ত্রী,সব্যসাচী | ||
| 942 |
_2ddc _cBK |
||
| 999 |
_c13378 _d13378 |
||